Recherche et applications en marketing

Detalles Bibliográficos
Autor Corporativo: Association Franȧise du Marketing
Formato: Revista
Lenguaje:francés
Publicado: Grenoble : Presses Universitaires de Grenoble, 1986-
Acceso en línea:Acceso restringido

MARC

LEADER 00000nas a2200000 i 4500
005 20110719103844.0
007 ta
008 960208d1988 fr qr p 0 z b1fre c
022 |a 0767-3701 
035 |a 5145 
040 |d vLex 
090 |c 2231  |d 2231 
245 1 0 |a Recherche et applications en marketing  |h [Recurso electrn̤ico] 
246 1 4 |a RAM 
256 |a Servicio en ln̕ea. 
260 3 |a Grenoble :  |b Presses Universitaires de Grenoble,  |c 1986- 
300 |a v. ;  |c 27 cm 
310 |a Trimestral 
500 |a Descripcin̤ basada en: nð 1 (1988)- 
500 |a Reseą de libros 
506 1 |a Contenido solo disponible en los productos indicados  |d vLex Global  |d vLex Global (Academic Edition, excluding Law Schools)  |d vLex Global (U.S. Academic Edition, excluding Law Schools) 
550 |a En portada: Revue de l'Association Franȧise du Marketing 
555 |a Índice acumulativo al final de cada aǫ 
710 2 |a Association Franȧise du Marketing 
740 0 |a vLex Revistas (Servicio en ln̕ea) 
856 4 0 |u http://vlex.com/source/recherche-applications-marketing-5145  |z Acceso restringido 
942 |c REV 
999 0 |a Marketing